000 08737nam a22007457a 4500
005 20090618144520.0
008 090617t xxu||||| |||| 00| 0 eng d
010 _aENG-94097
020 _c295.00
_a978813482080
035 _aEN-77630
035 _aB-363163-201
037 _bDBAD / VEN
040 _adpl
_bEnglish
082 _a000
100 _aMittal, Dharmendra
245 _aA complete self study guide for LLB (Bachelor of Legislative Law) entrance examinations 2009:
_bwith 10 simulated mock tests /
_cby Dharmendra Mittal, S.P. Bakshi [and] D.K. Kapoor
246 _aLLB (Bachelor of Legislative Law) entrance examinations 2009
260 _aMeerut
_bArihant Publications
_c2008
270 _aKalindi, TP Nagar,
_bMeerut
300 _aVarious pagings
_c30cm(pbk)
700 _aBakshi, S.P.
700 _aKapoor, D.K.
942 _2ddc
_cEN
_mMIT
_h000
999 _c27606
_d27606